000 00655nam a22002177a 4500
003 UA-OsUOA
001 131971
007 ta
008 20180625b un ||||| |||| 00| 0 ukr d
100 _aШмаров Д.
090 _a330(477)
_bШ71
942 _cSA
040 _aUA-OsUOA
_bukr
_cUA-OsUOA
_dUA-OsUOA
245 _aКомплексний розвиток агропромислового виробництва: проблеми та пріоритети
300 _aС.28-35
955 _a0
041 _aukr
080 _a330(477)
773 0 _w131968
_tЕкономіст
_dК.
_d2018
_g5
650 7 _a330 Економіка взагалі
_2UDC
999 _c420413
_d420413